Our Language Today (Record no. 2303)
[ view plain ]
| 000 -LEADER | |
|---|---|
| fixed length control field | nam a22 a 4500 |
| 005 - DATE AND TIME OF LATEST TRANSACTION | |
| control field | 20170516091806.0 |
| 008 - FIXED-LENGTH DATA ELEMENTS--GENERAL INFORMATION | |
| fixed length control field | 170516b1978 xxu||||| |||| 00| 0 eng d |
| 020 ## - INTERNATIONAL STANDARD BOOK NUMBER | |
| International Standard Book Number | 0278425321 |
| 040 ## - CATALOGING SOURCE | |
| Original cataloging agency | AKMAL |
| 082 ## - DEWEY DECIMAL CLASSIFICATION NUMBER | |
| Classification number | 428 CON |
| 090 ## - LOCALLY ASSIGNED LC-TYPE CALL NUMBER (OCLC); LOCAL CALL NUMBER (RLIN) | |
| Classification number (OCLC) (R) ; Classification number, CALL (RLIN) (NR) | 428 |
| Local cutter number (OCLC) ; Book number/undivided call number, CALL (RLIN) | CON |
| 100 ## - MAIN ENTRY--PERSONAL NAME | |
| Personal name | David A. Conlin |
| 9 (RLIN) | 4810 |
| 245 ## - TITLE STATEMENT | |
| Title | Our Language Today |
| Remainder of title | Level E / |
| Statement of responsibility, etc. | David A. Conlin |
| 260 ## - PUBLICATION, DISTRIBUTION, ETC. | |
| Place of publication, distribution, etc. | USA |
| Name of publisher, distributor, etc. | American Book Company |
| Date of publication, distribution, etc. | 1978 |
| 300 ## - PHYSICAL DESCRIPTION | |
| Extent | 370 p. |
| Dimensions | cm |
| 700 ## - ADDED ENTRY--PERSONAL NAME | |
| Personal name | H. Thompson Fillmer |
| 9 (RLIN) | 4823 |
| 700 ## - ADDED ENTRY--PERSONAL NAME | |
| Personal name | Ann Lefcourt |
| 9 (RLIN) | 4824 |
| 700 ## - ADDED ENTRY--PERSONAL NAME | |
| Personal name | Nell C. Thompson |
| 9 (RLIN) | 4825 |
| 942 ## - ADDED ENTRY ELEMENTS (KOHA) | |
| Source of classification or shelving scheme | |
| Koha item type | Book |
| Withdrawn status | Lost status | Source of classification or shelving scheme | Damaged status | Not for loan | Collection code | Home library | Current library | Shelving location | Date acquired | Inventory number | Total Checkouts | Full call number | Barcode | Date last seen | Price effective from | Koha item type |
|---|---|---|---|---|---|---|---|---|---|---|---|---|---|---|---|---|
| NON-FICTION | AKMAL Melaka | AKMAL Melaka | PINJAMAN | 16.05.2017 | 400012 | 428 CON | 201706837 | 16.05.2017 | 16.05.2017 | Book |
